01850nam a22002897a 4500003000900000008004100009040007100050082002700121110006600148245007200214260005100286300004600337440005900383505083300442650002001275650002201295650001501317650002301332650002701355650002601382700002001408700002001428700001701448700002201465700003901487710003401526AR-CdUCM190515b ||||| |||| 00| 0 spa d aMUNICIPALIDAD PROVINCIAL DEL CUSCOcBIBLIOTECA MUNICIPAL DEL CUSCO aCroniUrbana/N°13/2008 aCentro de Educación y Comunicación Guamán Poma de Ayala aCrónicas Urbanas :banálisis y perspectivas urbano regionales / aCusco :bCentro Guamán Poma de Ayala,c2008. a135 páginas. :bilustraciones ;c30 cm. aRevista Crónicas Urbanas.nAñño XII, N°13, 2008 aContenido: Los incas del Cusco y el espacio sagrado de la ciudad colonial. Gabriela Ramos. -- El siglo XVI en novelas y cuentos históricos peruanos contemporáneos. Concepción Reverte Bernal. -- Análisis de textos literarios sobre la violencia política del Perú 1980-2000. Carmen Saucedo. -- Testimonios de la comunidad de Huakullo violencia política de los años noventa. -- Desplazados por la violencia política en el Perú. 1980-2000. -- Decisiones radicales jóvenes urbanos y militancia en Sendero Luminoso 1989-1992. Dynnik Asencios. -- Mancomunidades en Bolivia, más allá de la jurisdicción municipal. Jorge Arias. -- Redes y desarrollo local. Samuel Machacuay. -- Asumir la política indígena en sus propios términos requiere un análisis mas allá de lo político. Marisol de la Cadena. aHistoria Urbana aDesarrollo Urbano aPolítica aHistoria del Cusco aDesarrollo económico aPolítica indígena aRamos, Gabriela aSaucedo, Carmen aArias, Jorge aMachacuay, Samuel aDe la Cadena, Marisol de la Cadena aCentro Guamán Poma de Ayala